[Event "AUTO-ADV-2884"]
[Site "http://www.queenalice.com/game.php?id=1232109"]
[Date "2013.11.13"]
[Round "2"]
[White "agilulfo"]
[Black "slashberg"]
[Result "0-1"]
[WhiteElo "1968"]
[BlackElo "1883"]

1. d4 Nf6 2. c4 d6 3. Nf3 e5 4. Bg5 c6 5. dxe5 dxe5 6. Qxd8+ Kxd8 7. Nxe5 Be6 8.
e3 Bb4+ 9. Nc3 Bxc3+ 10. bxc3 Ke7 11. Be2 Nd7 12. Bxf6+ Nxf6 13. Rb1 Rab8 14.
O-O Ne4 15. Rb3 Nd2 16. Rd1 Nxb3 17. axb3 Rbd8 18. b4 f6 19. Rxd8 Rxd8 20. Nf3
Bxc4 21. Bxc4 Rd1+ 22. Bf1 b6 23. g3 a5 24. bxa5 bxa5 25. Nd4 Kd6 26. Kg2 a4 27.
Bc4 a3 28. Nc2 Rc1 29. Nxa3 Rxc3 30. Kf3 Rxa3 31. h4 Rc3 32. Bg8 h5 33. Bf7 c5
34. Bxh5 Rc1 35. Bg6 Ke5 36. g4 c4 37. Ke2 Rg1 38. Kf3 c3 39. Bf5 Rd1 40. Be4
Rd2 41. g5 f5 0-1

[Event "AUTO-ADV-2884"]
[Site "http://www.queenalice.com/game.php?id=1232110"]
[Date "2013.11.13"]
[Round "2"]
[White "slashberg"]
[Black "agilulfo"]
[Result "0-1"]
[WhiteElo "1899"]
[BlackElo "1903"]

1. e4 c5 2. c3 d6 3. d4 cxd4 4. cxd4 Nf6 5. Nc3 g6 6. Nf3 Bg4 7. Qa4+ Bd7 8. Bb5
Bg7 9. e5 dxe5 10. Nxe5 O-O 11. O-O a6 12. Bf4 Bxb5 13. Nxb5 Nd5 14. Nd3 Nxf4
15. Nxf4 Nc6 16. Nc3 Qxd4 17. Nfd5 e6 18. Qxd4 Bxd4 19. Rfd1 exd5 20. Nxd5 Bxb2
21. Nf6+ Bxf6 22. Rab1 Rfd8 23. Rxd8+ Rxd8 24. g4 b5 25. Kg2 Bg7 26. Kg3 Rd2 27.
a3 Nd4 28. Rc1 Ne2+ 29. Kf3 Nxc1 0-1

[Event "AUTO-ADV-2884"]
[Site "http://www.queenalice.com/game.php?id=1232117"]
[Date "2013.11.13"]
[Round "2"]
[White "slashberg"]
[Black "rubenov"]
[Result "0-1"]
[WhiteElo "1942"]
[BlackElo "2040"]

1. e4 b6 2. d4 Bb7 3. Nc3 e6 4. Nf3 Nf6 5. Bg5 Be7 6. e5 Nd5 7. Qd2 Bxg5 8. Nxg5
Nxc3 9. Qxc3 Qxg5 10. Qxc7 Bc6 11. f4 Qh4+ 12. g3 Qe7 13. Qc8+ Qd8 14. Qxd8+
Kxd8 15. Rg1 Ke7 16. Bd3 g6 17. Kf2 h5 18. Rad1 a5 19. c4 Na6 20. Rge1 Nb4 21.
Bb1 Rac8 22. a3 Na6 23. d5 Bb7 24. d6+ Kf8 0-1

[Event "AUTO-ADV-2884"]
[Site "http://www.queenalice.com/game.php?id=1232118"]
[Date "2013.11.13"]
[Round "2"]
[White "rubenov"]
[Black "slashberg"]
[Result "0-1"]
[WhiteElo "2030"]
[BlackElo "1946"]

1. d4 Nf6 2. c4 d6 3. Nc3 e5 4. dxe5 dxe5 5. e3 Nc6 6. Qxd8+ Nxd8 7. a3 Bd6 8.
h3 O-O 9. e4 Ne6 10. Bg5 Nxg5 11. Bd3 Be6 12. Nd5 Bxd5 13. exd5 e4 14. Bc2 h5
15. Ne2 Rfe8 16. O-O Re5 17. b4 b6 18. Nd4 e3 19. f4 e2 20. Rfe1 Rae8 21. fxg5
c5 22. dxc6 Rxg5 23. Nxe2 Rge5 24. Kf2 Ne4+ 25. Bxe4 Rxe4 26. Rac1 R8e6 27. c5
Bh2 28. cxb6 Rf6+ 0-1

[Event "AUTO-ADV-2886"]
[Site "http://www.queenalice.com/game.php?id=1238806"]
[Date "2013.12.9"]
[Round "2"]
[White "yasseryack"]
[Black "slashberg"]
[Result "1-0"]
[WhiteElo "1877"]
[BlackElo "1982"]

1. e4 Nf6 2. e5 Nd5 3. Nf3 e6 4. d4 d6 5. Bg5 Be7 6. c4 Bxg5 7. cxd5 dxe5 8.
Nxe5 Qxd5 9. Nc3 Qa5 10. Qh5 O-O 11. Qxg5 f6 12. Qe3 fxe5 13. dxe5 Nc6 14. f4
Nb4 15. Qd2 g5 16. Be2 gxf4 17. O-O Qxe5 18. Rae1 Qg5 19. Rf3 e5 20. Rg3 Qg6 21.
Rxg6+ hxg6 22. Bc4+ 1-0

[Event "AUTO-ADV-2886"]
[Site "http://www.queenalice.com/game.php?id=1238807"]
[Date "2013.12.9"]
[Round "2"]
[White "slashberg"]
[Black "yasseryack"]
[Result "0-1"]
[WhiteElo "1962"]
[BlackElo "1868"]

1. e4 c5 2. c3 g6 3. d4 Bg7 4. dxc5 Qc7 5. Be3 Nc6 6. Nf3 Nf6 7. Bd3 O-O 8. Qd2
Ne5 9. Nxe5 Qxe5 10. Bd4 Qe6 11. O-O Nxe4 12. Bxe4 Qxe4 13. Re1 Qd5 14. Rxe7
Bxd4 15. cxd4 b6 16. Nc3 Qc6 17. Qh6 Bb7 18. cxb6 Qxg2# 0-1

[Event "AUTO-ADV-2886"]
[Site "http://www.queenalice.com/game.php?id=1238810"]
[Date "2013.12.9"]
[Round "2"]
[White "slashberg"]
[Black "tewald"]
[Result "0-1"]
[WhiteElo "1910"]
[BlackElo "1875"]

1. e4 d6 2. Nc3 Nf6 3. d4 g6 4. Bg5 Bg7 5. Qd2 Nbd7 6. Bh6 O-O 7. Bxg7 Kxg7 8.
e5 dxe5 9. dxe5 Nxe5 10. O-O-O Qe8 11. Nd5 Nxd5 12. Qxd5 Ng4 13. Nh3 c6 14. Qd4+
e5 15. Qc3 f6 16. f3 Nh6 17. g4 Nf7 18. Nf2 Be6 19. Qe3 b6 20. Ne4 Rd8 21. Bd3
c5 22. g5 fxg5 23. Nxg5 Nxg5 24. Qxg5 Rxf3 25. Qxe5+ Rf6 26. Rhf1 Qe7 27. Rxf6
Qxf6 28. Qc7+ Rd7 29. Qc6 Kh6 30. Rf1 Qe7 31. Qf3 Qg5+ 32. Kb1 Rf7 33. Qe2 Bg4
34. Qg2 Rxf1+ 35. Qxf1 Qd2 36. Qf8+ Kh5 37. b3 Qxh2 38. Qf7 Qg1+ 39. Kb2 Qd4+
40. Kb1 Qg1+ 41. Kb2 Qd4+ 42. Kb1 Kh6 43. Qxa7 Qf6 44. Qc7 Bh5 45. a4 Bf3 46. a5
bxa5 47. Qxc5 Qg5 48. Qf8+ Kh5 49. Qxf3+ Qg4 50. Qh1+ Qh4 51. Qf3+ Kh6 52. c4
Qe1+ 53. Kb2 Qd2+ 54. Ka3 Qb4+ 55. Ka2 Qd2+ 56. Kb1 Qe1+ 57. Kc2 Qa1 58. Qf4+
Kg7 59. c5 Qa2+ 60. Kc3 Qa1+ 61. Kc4 Qa3 62. c6 Qb4+ 63. Kd5 Qxf4 64. Kc5 Qc7
65. Be4 h5 66. Kd4 g5 67. Bd5 Kf6 68. Ke4 Qf4+ 69. Kd3 g4 70. b4 axb4 71. Be4 b3
72. Kc3 Qxe4 73. c7 Qc6+ 74. Kxb3 Qxc7 75. Kb4 Ke5 76. Kb5 Kd4 77. Ka6 Qb8 78.
Ka5 Kc5 79. Ka6 Qb6# 0-1

[Event "AUTO-ADV-2886"]
[Site "http://www.queenalice.com/game.php?id=1238811"]
[Date "2013.12.9"]
[Round "2"]
[White "tewald"]
[Black "slashberg"]
[Result "1-0"]
[WhiteElo "1911"]
[BlackElo "1964"]

1. e4 Nf6 2. e5 Nd5 3. Nf3 e6 4. d4 d6 5. c4 Nb6 6. Nc3 Nc6 7. Be2 dxe5 8. dxe5
Qxd1+ 9. Nxd1 Bb4+ 10. Bd2 Bxd2+ 11. Kxd2 O-O 12. a3 a5 13. Nc3 Rd8+ 14. Kc2
Nd4+ 15. Nxd4 Rxd4 16. Nb5 Rd7 17. Rad1 c6 18. Nc7 Ra7 19. Rxd7 Nxd7 20. Rd1 b6
21. Ne8 Nxe5 22. Rd8 Ra8 23. Nf6# 1-0

[Event "AUTO-OPEN-3020"]
[Site "http://www.queenalice.com/game.php?id=1253415"]
[Date "2014.2.2"]
[Round "2"]
[White "marcomasao"]
[Black "slashberg"]
[Result "0-1"]
[WhiteElo "1743"]
[BlackElo "1893"]

1. e4 Nf6 2. Nc3 Nc6 3. Be2 d5 4. exd5 Nxd5 5. Nf3 Nxc3 6. bxc3 e6 7. Bb2 Bd6 8.
d4 Qf6 9. Qd2 Bd7 10. O-O O-O-O 11. a4 Bf4 12. Qd3 Qh6 13. a5 a6 14. c4 g5 15.
g3 Bd6 16. c3 g4 17. Nd2 f5 18. c5 Be7 19. f4 gxf3 20. Qxf3 Bg5 21. Nc4 Rhg8 22.
Bc1 f4 23. g4 Bf6 24. Bxf4 Bg5 25. Qg3 Bxf4 26. Rxf4 Rdf8 27. Raf1 Rf5 28. R1f2
Rxf4 29. Rxf4 Qg6 30. Qf2 Qc2 31. Rf8+ Rxf8 32. Qxf8+ Nd8 33. Ne5 Qxe2 34. Nf7
Qxg4+ 35. Kf2 Qf4+ 36. Ke1 Qxf7 37. Qh6 Bb5 38. Qh3 Nc6 39. d5 Nd8 40. dxe6
Qxe6+ 41. Qxe6+ Nxe6 0-1

[Event "AUTO-OPEN-3020"]
[Site "http://www.queenalice.com/game.php?id=1253416"]
[Date "2014.2.2"]
[Round "2"]
[White "slashberg"]
[Black "marcomasao"]
[Result "1-0"]
[WhiteElo "1930"]
[BlackElo "1722"]

1. e4 e5 2. Ne2 Nc6 3. f4 Bc5 4. fxe5 Nh6 5. d4 Bb6 6. Bxh6 gxh6 7. Qd2 d5 8.
exd5 Qxd5 9. Nbc3 Qe6 10. d5 Qxe5 11. dxc6 Be3 12. Qd5 Qe7 13. cxb7 Rb8 14.
bxc8=Q+ Rxc8 15. Nd4 Rd8 16. Qb5+ Kf8 17. Nf5 Bd2+ 18. Kf2 Qf6 19. Qb4+ Ke8 20.
Bb5+ c6 21. Qe4+ Kf8 22. Bxc6 Rd4 23. Qe8# 1-0

[Event "AUTO-ADV-2817"]
[Site "http://www.queenalice.com/game.php?id=1254648"]
[Date "2014.2.8"]
[Round "3"]
[White "hepre"]
[Black "slashberg"]
[Result "1/2-1/2"]
[WhiteElo "2077"]
[BlackElo "1927"]

1. e4 Nf6 2. e5 Nd5 3. d4 d6 4. Nf3 Bg4 5. Be2 Nc6 6. c4 Nb6 7. exd6 cxd6 8. b3
e6 9. Bb2 Be7 10. h3 Bxf3 11. Bxf3 Bf6 12. a4 a5 13. Na3 d5 14. Rc1 O-O 15. O-O
dxc4 16. Nxc4 Nxd4 17. Bxb7 Nxc4 18. Rxc4 Rb8 19. Bxd4 Rxb7 20. Bxf6 Qxf6 21.
Rc5 Rd8 22. Qc2 Rbd7 23. Rxa5 Rd2 24. Qc4 g6 25. Rc5 Kg7 26. Rc8 R8d6 27. a5 Rd1
28. Qc3 e5 29. Qc2 R1d4 30. Qc1 Qe6 31. Rb8 Qd7 32. Qc3 Rc6 33. Qe1 Rd5 34. b4
Qc7 35. Re8 Rb5 36. Qa1 Rf6 37. Rb1 Qc2 38. Rb2 Qc7 39. Rb1 Qc2 40. Rb2 Qc7 41.
Rb1 Qc2 42. Rf1 Qc6 43. Rd8 Qb7 44. Rb1 Qc7 45. Re8 1/2-1/2

[Event "AUTO-ADV-2817"]
[Site "http://www.queenalice.com/game.php?id=1254649"]
[Date "2014.2.8"]
[Round "3"]
[White "slashberg"]
[Black "hepre"]
[Result "0-1"]
[WhiteElo "1939"]
[BlackElo "2044"]

1. e4 c5 2. c3 d5 3. exd5 Qxd5 4. Qf3 Nf6 5. Be2 Nc6 6. Qxd5 Nxd5 7. Nf3 e5 8.
d4 exd4 9. cxd4 Ndb4 10. Na3 cxd4 11. Nb5 Nc2+ 12. Kd1 Bf5 13. Nc7+ Kd7 14. Nxa8
Nxa1 15. Bb5 Bc2+ 16. Ke1 Bb4+ 17. Bd2 Re8+ 18. Be2 d3 19. Bxb4 Rxe2+ 20. Kf1
Nxb4 21. a3 Nb3 22. axb4 Nd2+ 23. Nxd2 Rxd2 24. g3 Rd1+ 25. Kg2 Rxh1 26. Kxh1 d2
27. b5 Be4+ 28. f3 d1=Q+ 29. Kg2 Qxf3+ 30. Kg1 Qg2# 0-1

[Event "AUTO-ADV-2817"]
[Site "http://www.queenalice.com/game.php?id=1254652"]
[Date "2014.2.8"]
[Round "3"]
[White "gopre"]
[Black "slashberg"]
[Result "1/2-1/2"]
[WhiteElo "2076"]
[BlackElo "1937"]

1. e4 Nf6 2. e5 Nd5 3. d4 d6 4. Nf3 Bg4 5. Be2 Nc6 6. c4 Nb6 7. exd6 cxd6 8. b3
e6 9. Bb2 Be7 10. h3 Bxf3 11. Bxf3 Bf6 12. a4 a5 13. Na3 d5 14. Rc1 O-O 15. O-O
dxc4 16. Nxc4 Nxd4 17. Bxb7 Nxc4 18. Rxc4 Rb8 19. Bxd4 Rxb7 20. Bxf6 Qxf6 21.
Rc5 Rd8 22. Qc2 Ra7 23. Rd1 Raa8 24. Rxd8+ Qxd8 25. Qc3 h5 26. g3 g6 27. Rb5 Rc8
28. Qe5 Rc1+ 29. Kh2 Rc8 30. h4 Qd2 31. Qf6 Qc3 32. Qxc3 Rxc3 33. Rxa5 Rxb3 34.
Kg2 Kf8 35. Ra7 e5 36. a5 Ra3 37. a6 e4 38. Ra8+ Ke7 39. a7 Ra2 40. Kf1 Kf6 41.
Re8 Rxa7 42. Rxe4 Kf5 43. Rf4+ Ke6 44. Re4+ Kf6 45. Ke2 Kf5 46. Rb4 Ra2+ 47. Ke3
Ra3+ 48. Ke2 Ra2+ 49. Ke3 Ra3+ 50. Kd2 Ra2+ 51. Ke1 Ra1+ 52. Ke2 Ra2+ 53. Kf3
Ra3+ 54. Kg2 Ke5 55. Rb5+ Kf6 56. f4 Ra2+ 57. Kf3 Ra3+ 58. Kf2 Ra2+ 59. Kf3 Ra3+
60. Kg2 Ra2+ 61. Kh3 Rd2 62. Ra5 Ke6 63. Rg5 Rf2 64. g4 Rf3+ 65. Kg2 Rxf4 66.
gxh5 gxh5 67. Rxh5 Rd4 68. Rh6+ Kf5 69. Kf2 Rb4 70. Rh7 Rb2+ 71. Kf3 f6 72. Kg3
Rb3+ 73. Kf2 Kf4 74. Rh6 Rb2+ 75. Kg1 f5 76. Rg6 Kf3 77. h5 f4 78. h6 Rb1+ 79.
Kh2 Rb5 80. Kg1 Rh5 81. Rb6 Kg4 82. Kg2 Kg5 83. Kf3 Rh3+ 84. Ke4 f3 85. Ke3 Rxh6
86. Rxh6 Kxh6 87. Kxf3 Kg5 1/2-1/2

[Event "AUTO-ADV-2817"]
[Site "http://www.queenalice.com/game.php?id=1254653"]
[Date "2014.2.8"]
[Round "3"]
[White "slashberg"]
[Black "gopre"]
[Result "1/2-1/2"]
[WhiteElo "1933"]
[BlackElo "2033"]

1. e4 c5 2. c3 d5 3. exd5 Qxd5 4. d4 Nf6 5. Nf3 Bg4 6. Be2 e6 7. h3 Bh5 8. Qa4+
Nc6 9. c4 Qd7 10. Bf4 cxd4 11. g4 Bg6 12. O-O e5 13. Bh2 e4 14. Nh4 d3 15. Bd1
Bb4 16. Nc3 Bxc3 17. bxc3 O-O 18. Nxg6 fxg6 19. c5 h5 20. Bd6 Rfe8 21. g5 Nh7
22. h4 Kh8 23. Re1 a6 24. Rxe4 d2 25. Rb1 b5 26. Qc2 Rxe4 27. Qxe4 Re8 28. Qxg6
Re6 29. Qd3 Re1+ 30. Kh2 Ne5 31. Qxd2 Re4 32. f4 Nc4 33. Qd5 Re3 34. Bf3 Nd2 35.
Qxd2 Rxf3 36. Qg2 Re3 37. Qa8+ Re8 38. Qf3 Qf7 39. c6 Qxa2+ 40. Kg3 Qxb1 41. Be5
Qg1+ 42. Kh3 Qc5 43. Qxh5 Qxc6 44. g6 Qe6+ 45. f5 Qg8 46. gxh7 Qf8 47. Bxg7+
Kxg7 48. h8=Q+ Qxh8 49. Qg6+ Kf8 50. Qd6+ Kf7 51. Qg6+ Ke7 52. Qe6+ Kf8 53. Qd6+
Kf7 54. Qg6+ Ke7 55. Qe6+ Kf8 56. Qd6+ Kf7 1/2-1/2

[Event "AUTO-ADV-2817"]
[Site "http://www.queenalice.com/game.php?id=1254655"]
[Date "2014.2.8"]
[Round "3"]
[White "slashberg"]
[Black "SalsaKing"]
[Result "0-1"]
[WhiteElo "1905"]
[BlackElo "1671"]

1. e4 e5 2. Ne2 d6 3. f4 exf4 4. Nxf4 h5 5. h4 g5 6. Nxh5 g4 7. Nf4 Rxh4 8. Rxh4
Qxh4+ 9. Ke2 g3 10. d4 Bg4+ 0-1

[Event "quick game"]
[Site "http://www.queenalice.com/game.php?id=1254911"]
[Date "2014.2.9"]
[Round "-"]
[White "homossexuais"]
[Black "slashberg"]
[Result "1-0"]
[WhiteElo "1500"]
[BlackElo "1903"]

1. Nf3 Nc6 2. e4 d6 3. Nc3 Nf6 4. Be2 Bg4 5. d4 e6 6. O-O Be7 7. d5 exd5 8. exd5
Nb4 9. a3 Bxf3 10. Bxf3 Na6 11. Be2 Nc5 12. Bb5+ Ncd7 13. Re1 a6 14. Bc4 O-O 15.
Bf4 Re8 16. Rb1 Ne5 17. Bxe5 dxe5 18. Rxe5 Qd6 19. Qd4 c5 20. Qf4 Bf8 21. Rf5
Qxf4 22. Rxf4 b5 23. Bb3 Bd6 24. Rf3 Be5 25. Rd1 c4 26. Ba2 Rad8 27. Re3 Bxc3
28. bxc3 Rxe3 29. fxe3 Nxd5 30. e4 Kf8 31. exd5 Ke7 32. a4 1-0

[Event "quick game"]
[Site "http://www.queenalice.com/game.php?id=1255013"]
[Date "2014.2.9"]
[Round "-"]
[White "slashberg"]
[Black "homossexuais"]
[Result "1-0"]
[WhiteElo "1903"]
[BlackElo "1500"]

1. e4 e5 2. Nf3 Nc6 3. Bb5 a6 4. Bxc6 dxc6 5. O-O Qd6 6. d3 Nf6 7. Nbd2 Be6 8.
b3 Be7 9. a4 O-O 10. d4 Nd7 11. Ba3 c5 12. d5 Bg4 13. h3 Bh5 14. Bb2 f5 15. exf5
Qxd5 16. g4 Bf7 17. Qe2 Rad8 18. Nc4 e4 19. Rad1 Qc6 20. Nfe5 Nxe5 21. Nxe5 Qh6
22. Nxf7 Rxf7 23. Rxd8+ Bxd8 24. Rd1 Be7 25. Qxe4 Qxh3 26. Rd7 Qh4 27. Be5 b5
28. Rxc7 Qg5 29. Kf1 Qc1+ 30. Ke2 Qg5 31. f3 h5 32. Qc6 hxg4 33. Qe8+ Rf8 34.
Qxe7 gxf3+ 35. Kf2 Qg2+ 36. Ke3 Qe2+ 37. Kf4 Qh2+ 38. Kg4 Qg1+ 39. Bg3 Qd4+ 40.
Kh3 Qa1 41. axb5 axb5 42. Qxc5 Qh1+ 43. Kg4 f2 44. Rxg7+ Kxg7 45. Qe7+ Kg8 46.
Qe6+ Rf7 47. Qe8+ Kg7 48. Be5+ Rf6 49. Qg6+ Kf8 50. Qxf6+ Ke8 51. Qe6+ Kd8 52.
Qb6+ Ke8 53. Qb8+ Ke7 54. Bd6+ Kf6 55. Qf8# 1-0

[Event "quick game"]
[Site "http://www.queenalice.com/game.php?id=1255088"]
[Date "2014.2.10"]
[Round "-"]
[White "homossexuais"]
[Black "slashberg"]
[Result "1-0"]
[WhiteElo "1740"]
[BlackElo "1905"]

1. d4 Nf6 2. c4 e6 3. Nc3 d5 4. Nf3 Nc6 5. cxd5 exd5 6. Ne5 Bd6 7. Nxc6 bxc6 8.
g3 Bf5 9. Bg2 O-O 10. O-O Rb8 11. Qa4 Qe8 12. Qxa7 Ra8 13. Qb7 Bc2 14. e4 Rb8
15. Qa6 dxe4 16. Re1 Bd3 17. Qa4 Qe6 18. Qxc6 Rb6 19. Qa4 Rb4 20. Qa7 Qf5 21. a3
Rb3 22. a4 c6 23. Nd1 Ng4 24. h3 Nf6 25. Bd2 c5 26. Ne3 Qc8 27. Bc3 Rb7 28. Qa5
Rd8 29. d5 Be7 30. Red1 Rb3 31. Rac1 Qd7 32. Rd2 Qd6 33. Nf5 Qd7 34. d6 Qxf5 35.
dxe7 Re8 36. Bd4 Nd7 37. Bxc5 Qg5 38. h4 Qf5 39. Qc7 Nxc5 40. Rxc5 Qe6 41. Rc6
Qf5 42. Rd6 h6 43. Rd8 Bb5 44. axb5 Qxb5 45. Rxe8+ Qxe8 46. Rd8 1-0

[Event "quick game "]
[Site "http://www.queenalice.com/game.php?id=1256215"]
[Date "2014.2.14"]
[Round "-"]
[White "slashberg"]
[Black "homossexuais"]
[Result "1-0"]
[WhiteElo "1880"]
[BlackElo "2026"]

1. Nf3 d5 2. c4 d4 3. e3 Nc6 4. exd4 Nxd4 5. Nxd4 Qxd4 6. Nc3 Nf6 7. d3 Ng4 8.
Qe2 e5 9. h3 Bb4 10. Bd2 Nf6 11. a3 Be7 12. Nb5 Qd7 13. Qxe5 Kd8 14. Qg3 a6 15.
Nc3 Nh5 16. Qf3 Nf6 17. O-O-O Re8 18. g4 h6 19. Bg2 Rb8 20. d4 Qd6 21. c5 Qd7
22. Rhe1 Ra8 23. Bf4 Rb8 24. Kb1 h5 25. g5 Nh7 26. Nd5 Nxg5 27. Qg3 Bd6 28. cxd6
Qf5+ 29. Ka1 cxd6 30. Bxg5+ f6 31. Qxd6+ Qd7 32. Qb6+ Qc7 33. Qxc7# 1-0

[Event "rapidinha"]
[Site "http://www.queenalice.com/game.php?id=1256263"]
[Date "2014.2.14"]
[Round "-"]
[White "homossexuais"]
[Black "slashberg"]
[Result "0-1"]
[WhiteElo "2003"]
[BlackElo "1878"]

1. e4 c5 2. Nf3 d6 3. d4 cxd4 4. Nxd4 Nf6 5. Nc3 Nc6 6. Bg5 h6 7. Bxf6 gxf6 8.
Bb5 Bd7 9. O-O h5 10. Nf5 a6 11. Ba4 Rc8 12. Qd5 b5 13. Bb3 Ne5 14. Rad1 b4 15.
Ne2 Qb6 16. Qd2 a5 17. a3 a4 18. Ba2 bxa3 19. bxa3 Qb2 20. c3 Qxa3 21. f4 Qc5+
22. Ne3 Ng4 23. Rf3 Bh6 24. Rb1 e5 25. Kh1 Nxe3 26. Rxe3 exf4 27. Rf3 Bg4 28.
Qc2 Bxf3 29. gxf3 Qf2 30. Nd4 Qxd4 31. cxd4 Rxc2 32. Rb8+ Ke7 33. Rxh8 Rxa2 34.
Rxh6 a3 35. Rh8 Rb2 36. Rxh5 a2 37. Ra5 Rb1+ 38. Kg2 a1=Q 39. Rxa1 Rxa1 0-1

[Event "AUTO-OPEN-3020"]
[Site "http://www.queenalice.com/game.php?id=1265803"]
[Date "2014.3.17"]
[Round "3"]
[White "josebaron"]
[Black "slashberg"]
[Result "0-1"]
[WhiteElo "1945"]
[BlackElo "1922"]

1. e4 Nf6 2. e5 Nd5 3. Nc3 Nxc3 4. bxc3 d6 5. exd6 cxd6 6. d4 Bf5 7. Bd3 Qd7 8.
Nf3 g6 9. O-O Bg7 10. Re1 Bg4 11. h3 Bxf3 12. Qxf3 O-O 13. Bb2 Nc6 14. Bb5 a6
15. Bxc6 bxc6 16. a4 Rab8 17. Reb1 c5 18. dxc5 dxc5 19. Qd3 Qd6 20. Ba3 Qxd3 21.
cxd3 Bxc3 22. Rxb8 Rxb8 23. Rc1 Bb4 24. Bb2 Bd2 25. Be5 Bxc1 26. Bxb8 f5 27. g3
Kf7 28. Ba7 Ba3 29. f4 Ke6 30. Kf2 Kd5 31. Ke2 Bb2 32. a5 Bc3 33. Bb6 Kc6 34. h4
Kb5 35. Kf3 Bxa5 36. Bxa5 Kxa5 37. g4 fxg4+ 38. Kxg4 Kb4 39. f5 a5 40. Kg5 a4
41. fxg6 hxg6 42. Kxg6 a3 43. h5 a2 44. h6 a1=Q 45. h7 Qh8 46. Kh6 e5 0-1

[Event "AUTO-OPEN-3020"]
[Site "http://www.queenalice.com/game.php?id=1265804"]
[Date "2014.3.17"]
[Round "3"]
[White "slashberg"]
[Black "josebaron"]
[Result "1-0"]
[WhiteElo "1902"]
[BlackElo "1998"]

1. Nf3 Nf6 2. g3 d5 3. d4 e6 4. Bg2 Be7 5. Nc3 O-O 6. O-O h6 7. Bf4 Bd6 8. Qd2
a6 9. Rfe1 Re8 10. e4 Bxf4 11. Qxf4 dxe4 12. Ne5 Nbd7 13. Rxe4 Nxe4 14. Qxf7+
Kh8 15. Ng6+ Kh7 16. Bxe4 Nf6 17. Re1 Nxe4 18. Rxe4 Bd7 19. Rg4 Qf6 20. Qxd7 h5
21. Ne4 Qf5 22. Nh4 Qf8 23. Rg5 Re7 24. Rxh5+ Kg8 25. Ng6 Rxd7 26. Rh8+ Kf7 27.
Nxf8 Rxf8 28. Ng5+ Kg6 29. Rxf8 Kxg5 30. c3 a5 31. Kg2 b5 32. f4+ Kg6 33. Kf3 a4
34. Ke4 Rf7 35. Rxf7 Kxf7 36. Ke5 Ke7 37. d5 exd5 38. Kxd5 Kd7 39. Kc5 c6 40. h4
g6 41. g4 Kc7 42. h5 gxh5 43. gxh5 1-0